| 000 | 00494nam a2200181 a 4500 | ||
|---|---|---|---|
| 001 | 15409 | ||
| 003 | CO-ViMGA | ||
| 008 | 141112s2004 ck r 000 u spa d | ||
| 020 | _a9589177158 | ||
| 040 |
_aCO-ViMGA _bspa _cCO-ViMGA |
||
| 082 | 0 | 4 | _a027.4 E528m |
| 100 | 1 | _aMinisterio de Cultura, | |
| 245 | 1 | 0 | _aEncuentro Nacional de Bibliotecas públicas 7o. |
| 260 |
_aBogotá, _cMinisterio de Cultura, _c2001 |
||
| 300 | _a204.p. | ||
| 650 | 1 | 4 |
_aBIBLIOTECAS PUBLICAS _922415 |
| 942 |
_2ddc _cBK |
||
| 999 |
_c25742 _d25742 |
||